[Event "CZE-ch FIDE Open 2020"]
[Site "Kouty nad Desnou"]
[Date "2020.03.09"]
[Round "3.14"]
[White "Husa, Daniel"]
[Black "Zdechovsky, Tobias"]
[Result "0-1"]
[WhiteElo "1814"]
[BlackElo "1922"]
[Annotator "TA"]
[PlyCount "132"]
[EventDate "2020.03.07"]
[EventCountry "CZE"]
[SourceTitle "playchess.com"]
[Source "ChessBase"]
[SourceQuality "1"]

{[%evp 24,132,74,63,36,0,0,11,15,-29,-34,-44,-13,-29,0,-16,-18,-22,-23,-58,-58,-56,-56,-65,-57,-76,33,22,37,12,31,25,22,18,22,-8,33,0,0,0,2,-16,-16,-19,-21,-113,-113,-113,-113,-113,-113,-116,-113,-113,-113,-113,-45,-113,-113,-113,-113,-113,-113,-114,-114,-147,-104,-117,-117,-120,-121,-135,-24,-27,7,9,8,1,81,0,0,0,73,0,6,-69,-56,-310,-325,-240,-289,-434,-440,-418,-358,-381,140,-29987,-29988,-29987,-5737,-2357,-2263,-29975,-812,-29974,-29974,-29972,-29975,-29982,-29983]} 1. d4 Nf6 2. c4 c5 3. d5 b5 4. cxb5 a6 5. bxa6 Bxa6 6. Nc3 g6 7. g3 d6 8. Bg2 Bg7 9. Nf3 Nbd7 10. Rb1 O-O 11. O-O Qa5 12. Bd2 Rfb8 13. Qc2 Qc7 {A58: Benko/Volga Gambit: Lines with 5 bxa6.} 14. Rfe1 Bc4 15. b3 $1 {[%cal Rb3c4]} Bxd5 {[#] The position is equal.} 16. e4 $146 ({Predecessor:} 16. Nxd5 Nxd5 17. Ng5 e6 18. h4 Ra7 19. h5 Nb4 20. Bxb4 cxb4 21. Qxc7 Rxc7 22. hxg6 hxg6 {0-1 (55) Rut,V (2105)-Potapov,A (2389) Pardubice 2013}) 16... Bc6 17. a4 e6 18. h3 Qb7 19. Bf4 Ne8 20. Nd2 $1 Ne5 21. Nc4 Nxc4 $1 22. bxc4 Qa6 23. Rxb8 Rxb8 24. Nb5 e5 (24... Ra8 $17) 25. Bd2 $14 Bf8 26. Rb1 Ra8 27. Ra1 Be7 28. Bc3 Qb7 29. f3 Ra6 30. Kh2 Ng7 31. Rb1 Qb8 32. Ra1 Ne6 33. Qd1 Nd4 34. Bxd4 (34. a5 $11) 34... cxd4 $17 35. Qd3 Qb6 36. Qd2 Qc5 37. Bf1 Bd8 38. Bd3 Ba5 39. Qc2 Kg7 (39... Bd7 $17 40. f4 Bd8) 40. Kg2 (40. Nxd6 $1 $15 Bd7 41. Nb5) 40... Bd7 41. h4 Be6 42. Rb1 Rc6 {[%cal Ba6c6,Bc6c8,Bc8h8][%mdl 32]} 43. Rc1 h6 44. Qb3 g5 45. hxg5 hxg5 46. Rc2 Rc8 47. g4 Bb4 (47... Kf6 $17 48. Rb2 Rh8) 48. Rb2 $11 Bc3 49. Nxc3 dxc3 50. Qxc3 Rh8 (50... Ra8 $11) 51. Qd2 (51. Be2 $1 $16) 51... f6 52. a5 Qc8 (52... Kg6 $11 {keeps the balance.}) 53. Qb4 (53. Be2 $16 Qc5 54. a6) 53... Kg6 54. Kf2 (54. Be2 $11 Qd7 55. Qe1) 54... Bxg4 $1 $15 55. fxg4 $4 {[%mdl 8192]} (55. Bf1 $15) 55... Qxg4 $19 {( -> ...Rh1)} 56. Ke1 {[#]} Qg1+ $1 {[%mdl 1024] Black has strong compensation.} 57. Bf1 (57. Kd2 $142 Qd4 58. Qb6 Rh2+ 59. Kc1 Qc3+ 60. Kb1 Qxd3+ {[%mdl 64] Double Attack} 61. Ka2) 57... Qe3+ 58. Re2 Qc1+ 59. Kf2 {Strongly threatening Qe1.} Rh2+ $2 ({Better is} 59... Qf4+ $19 60. Kg1 {[#]} Rh1+ $1 {[%mdl 576] Deflection, Decoy} 61. Kxh1 Qxf1+ {[%mdl 64] Double Attack} 62. Kh2 Qxe2+ {[%mdl 64] Double Attack} 63. Kg3 Qxe4 64. Qxd6 Qe1+ 65. Kg2 Qxa5) 60. Kg1 $2 {[%mdl 8192]} (60. Bg2 $16) 60... Rxe2 {[%mdl 4096] Endgame KQR-KQB} 61. Qb3 Qe3+ (61... Re3 $142 62. Qb6 Rg3+ 63. Kf2 Qf4+ 64. Ke1 Rf3 65. Qg1 Qc1+ 66. Ke2 Rc3 67. Kf2 Qf4+ {[%mdl 64] Double Attack} 68. Kg2 Rc2+ 69. Kh1 Qh4+ 70. Bh3 Qxh3+ 71. Qh2 Qxh2#) 62. Qxe3 Rxe3 63. a6 Ra3 (63... g4 $142 64. Kg2 Ra3 65. c5 dxc5 66. Kf2 Kg5 67. Bc4 Kf4 68. Kg2 Kxe4 69. Kf2 Kd4 70. Be6 c4 71. Bxg4 c3 72. Bd1 Rxa6 73. Kg3 Ra2 74. Kh4 c2 75. Bxc2 Rxc2 76. Kh5 Rg2 77. Kh6 e4 78. Kh5 e3 79. Kh4 Rg5 80. Kh3 e2 81. Kh4 e1=Q+ 82. Kh3 Qh1#) 64. c5 dxc5 {Black mates.} 65. Kf2 f5 66. exf5+ Kxf5 {Accuracy: White = 54%, Black = 62%.} 0-1

[Event "CZE-ch FIDE Open 2020"]
[Site "Kouty nad Desnou"]
[Date "2020.03.09"]
[Round "3.15"]
[White "Hradek, Matyas"]
[Black "Novotny, David"]
[Result "0-1"]
[WhiteElo "1508"]
[BlackElo "1910"]
[Annotator "ChessBase"]
[PlyCount "85"]
[EventDate "2020.03.07"]
[EventCountry "CZE"]
[SourceTitle "playchess.com"]
[Source "ChessBase"]
[SourceQuality "1"]
[TimeControl "5400+30"]

1. e4 {[%emt 0:00:00]} e6 {[%emt 0:00:00]} 2. d4 {[%emt 0:00:00]} d5 {[%emt 0:00:00]} 3. exd5 {[%emt 0:00:10]} exd5 {[%emt 0:00:00]} 4. Nf3 {[%emt 0:00:11]} Bd6 {[%emt 0:00:16]} 5. Bd3 {[%emt 0:00:14]} Nc6 {[%emt 0:00:28]} 6. c3 {[%emt 0:00:23]} Nge7 {[%emt 0:01:50]} 7. Bg5 {[%emt 0:04:04]} f6 {[%emt 0:02:02]} 8. Bh4 {[%emt 0:00:47]} Bf5 {[%emt 0:01:21]} 9. O-O {[%emt 0:01:06]} Qd7 {[%emt 0:00:21]} 10. Re1 {[%emt 0:01:30]} O-O-O {[%emt 0:00:35]} 11. a4 {[%emt 0:02:17]} Ng6 {[%emt 0:03:07]} 12. Na3 {[%emt 0:02:52]} Nf4 {[%emt 0:07:08]} 13. Bf1 {[%emt 0:05:04]} h5 {[%emt 0:04:50]} 14. Bg3 {[%emt 0:01:58]} g5 {[%emt 0:02:34]} 15. h4 {[%emt 0:00:48]} Rhg8 {[%emt 0:09:47]} 16. Nb5 {[%emt 0:01:49]} Nh3+ {[%emt 0:16:18]} 17. gxh3 {[%emt 0:03:34]} Bxg3 {[%emt 0:00:23]} 18. fxg3 {[%emt 0:00:10]} gxh4 {[%emt 0:00:38]} 19. Nxh4 {[%emt 0:00:44]} a6 {[%emt 0:14:41]} 20. Qf3 {[%emt 0:06:41]} Be4 {[%emt 0:02:12]} 21. Rxe4 {[%emt 0:00:24]} dxe4 {[%emt 0:00:12]} 22. Qxe4 {[%emt 0:04:42]} axb5 {[%emt 0:04:12]} 23. axb5 {[%emt 0:02:18]} Nb8 {[%emt 0:01:20]} 24. Nf5 {[%emt 0:02:52]} Rde8 {[%emt 0:03:29]} 25. Qf4 {[%emt 0:01:24]} Rg5 {[%emt 0:05:02]} 26. Bd3 {[%emt 0:01:18]} Qe6 {[%emt 0:01:25]} 27. Ng7 {[%emt 0:07:31]} Qe3+ {[%emt 0:06:03]} 28. Qxe3 {[%emt 0:00:12]} Rxe3 {[%emt 0:00:07]} 29. Bf5+ {[%emt 0:00:08]} Rxf5 {[%emt 0:02:16]} 30. Nxf5 {[%emt 0:00:10]} Re2 {[%emt 0:00:39]} 31. Ra2 {[%emt 0:04:14]} c6 {[%emt 0:03:12]} 32. bxc6 {[%emt 0:01:25]} Nxc6 {[%emt 0:00:19]} 33. Kf1 {[%emt 0:00:50]} Rh2 {[%emt 0:00:36]} 34. h4 {[%emt 0:00:04]} Kd7 {[%emt 0:00:42]} 35. Ng7 {[%emt 0:00:59]} Ne7 {[%emt 0:02:10]} 36. Nxh5 {[%emt 0:00:25]} Ke6 {[%emt 0:00:19]} 37. Nf4+ {[%emt 0:00:44]} Kf5 {[%emt 0:00:17]} 38. Ra5+ {[%emt 0:00:38]} Kg4 {[%emt 0:00:34]} 39. Rb5 {[%emt 0:05:52]} Nf5 {[%emt 0:02:31]} 40. Ke1 {[%emt 0:03:43]} Ne3 {[%emt 0:02:18]} 41. Rxb7 {[%emt 0:06:57]} Kf3 {[%emt 0:00:26]} 42. d5 {[%emt 0:00:43]} Rh1+ {[%emt 0:00:33]} 43. Kd2 {[%emt 0:00:09]} 0-1

[Event "CZE-ch FIDE Open 2020"]
[Site "Kouty nad Desnou"]
[Date "2020.03.09"]
[Round "4.1"]
[White "Pycha, Patrik"]
[Black "Bares, Jachym"]
[Result "0-1"]
[WhiteElo "2024"]
[BlackElo "2119"]
[Annotator "NA"]
[PlyCount "92"]
[EventDate "2020.03.07"]
[EventCountry "CZE"]
[SourceTitle "playchess.com"]
[Source "ChessBase"]
[SourceQuality "1"]
[TimeControl "5400+30"]

1. e4 {[%emt 0:00:00]} e5 {[%emt 0:00:00]} 2. Nf3 {[%emt 0:00:00]} Nc6 {[%emt 0:00:00]} 3. Bc4 {[%emt 0:00:00]} Nf6 {[%emt 0:00:00]} 4. d3 {[%emt 0:00:00]} Bc5 {[%emt 0:00:00]} 5. O-O {[%emt 0:00:06]} d6 {[%emt 0:00:21]} 6. c3 {[%emt 0:00:58]} a6 {[%emt 0:00:07]} 7. Bb3 {[%emt 0:00:37]} Ba7 {[%emt 0:00:13]} 8. Re1 {[%emt 0:00:32]} O-O {[%emt 0:00:42]} 9. h3 {[%emt 0:01:01]} h6 {[%emt 0:00:06]} 10. Nbd2 {[%emt 0:01:28]} Nh5 {[%emt 0:00:59]} 11. Nf1 {[%emt 0:02:33]} Qf6 {[%emt 0:00:20]} 12. Ne3 {[%emt 0:03:27]} Nf4 {[%emt 0:02:18]} 13. Ng4 {[%emt 0:00:52] is now more promising than 13.Nd5. C54: Giuoco Piano: 4 c3 Nf6, main lines with 5 d4 and 5 d3.} Qg6 {[%emt 0:08:10]} 14. Bxf4 {[%emt 0:02:04]} exf4 {[%emt 0:00:02] [#]} 15. e5 $146 {[%emt 0:06:02]} ({Predecessor:} 15. d4 Bxg4 16. hxg4 Qxg4 17. a4 Ne7 18. Qd3 Rad8 19. Bc2 Ng6 20. e5 dxe5 21. Nxe5 {1-0 (55) Andriasian,Z (2585)-Kovalev,V (2639) Katowice 2017}) 15... h5 {[%emt 0:07:56]} 16. Nh4 {[%emt 0:06:11]} Qh7 {[%emt 0:08:17]} 17. Nh2 {[%emt 0:03:42]} g5 {[%emt 0:11:58]} 18. exd6 {[%emt 0:02:47]} gxh4 {[%emt 0:02:43]} 19. d4 {[%emt 0:05:46]} cxd6 {[%emt 0:03:01]} 20. Nf3 {[%emt 0:02:49]} Bf5 {[%emt 0:02:42]} 21. Qd2 {[%emt 0:01:25]} Qh6 {[%emt 0:02:04]} 22. Nxh4 {[%emt 0:03:34]} Bh7 {[%emt 0:00:23]} 23. Nf3 {[%emt 0:01:13]} Rae8 {[%emt 0:01:42]} 24. h4 {[%emt 0:00:30]} Qf6 {[%emt 0:03:28]} 25. Ng5 {[%emt 0:02:21]} Bg6 {[%emt 0:00:02]} 26. Bd5 {[%emt 0:08:50]} Bb6 {[%emt 0:07:06]} 27. g3 {[%emt 0:04:09]} fxg3 {[%emt 0:04:47]} 28. fxg3 {[%emt 0:00:12]} Nxd4 {[%emt 0:04:54]} 29. cxd4 {[%emt 0:00:32]} Qxd4+ {[%emt 0:01:04]} 30. Qxd4 {[%emt 0:00:08]} Bxd4+ {[%emt 0:00:05]} 31. Kh2 {[%emt 0:01:02]} Bxb2 {[%emt 0:00:50]} 32. Rxe8 {[%emt 0:00:51]} Rxe8 $19 {[%emt 0:00:02]} 33. Rf1 {[%emt 0:00:46]} Re7 {[%emt 0:01:30]} 34. Rf2 {[%emt 0:01:29]} Bd4 {[%emt 0:00:53]} 35. Rf4 {[%emt 0:02:36]} Be3 {[%emt 0:04:18]} 36. Rf6 {[%emt 0:00:23]} Kg7 {[%emt 0:02:01]} 37. Rxd6 {[%emt 0:00:37]} Bxg5 {[%emt 0:00:30]} 38. hxg5 {[%emt 0:00:07]} Re2+ {[%emt 0:01:32]} 39. Kg1 {[%emt 0:00:14]} Rd2 {[%emt 0:00:24]} 40. Rd7 {[%emt 0:00:41]} Rd3 {[%emt 0:01:26]} 41. Be6 {[%emt 0:03:36]} Rxd7 {[%emt 0:08:03]} 42. Bxd7 {[%emt 0:00:07]} Bb1 {[%emt 0:01:11]} 43. a3 {[%emt 0:00:05]} Kg6 {[%emt 0:00:45]} 44. Kf2 {[%emt 0:01:27]} Kxg5 {[%emt 0:00:28]} 45. Ke3 {[%emt 0:00:07]} Bf5 {[%emt 0:00:38]} 46. Be8 {[%emt 0:00:37]} Be6 {[%emt 0:00:47]} 0-1

[Event "CZE-ch FIDE Open 2020"]
[Site "Kouty nad Desnou"]
[Date "2020.03.09"]
[Round "4.2"]
[White "Horak, Martin"]
[Black "Sikorova, Olga"]
[Result "1/2-1/2"]
[WhiteElo "2329"]
[BlackElo "2199"]
[Annotator "TA"]
[PlyCount "135"]
[EventDate "2020.03.07"]
[EventCountry "CZE"]
[SourceTitle "playchess.com"]
[Source "ChessBase"]
[SourceQuality "1"]

{[%evp 13,135,32,60,77,125,119,122,129,120,114,137,136,147,145,141,-27,0,-17,0,-42,-52,-51,-50,-51,-34,-50,-32,-61,-48,-63,-29,-4,0,0,0,-50,-4,-56,0,-50,-47,-72,-58,-25,-58,-52,-37,-20,-24,-25,0,-87,-70,-70,0,0,0,-1,0,-8,-10,-41,-2,-36,-8,-16,-8,-8,0,0,0,0,0,0,0,0,0,0,0,0,112,64,112,95,113,0,97,83,85,62,446,440,424,398,286,164,417,242,652,616,488,240,203,46,46,46,46,25,26,27,27,0,46,0,0,0,0,0,0,0,0,0,0,0]} 1. d4 Nf6 2. c4 g6 3. Nc3 Bg7 4. e4 d6 5. h3 O-O 6. Be3 e5 7. d5 Ne8 8. g4 {E71: King's Indian: 4 e4 d6 5 h3.} f5 9. gxf5 gxf5 10. exf5 {White is better.} Bxf5 11. Nge2 Nf6 12. Ng3 Qd7 {[#]} 13. Qd2 $146 ({Predecessor:} 13. Nxf5 Qxf5 14. Rg1 Kh8 15. Qd2 Na6 16. Rg5 Qd7 17. Bd3 e4 18. Nxe4 Nxe4 19. Bxe4 Rae8 20. Bc2 Rxe3+ 21. fxe3 Bxb2 22. Bf5 {1-0 (22) Cabrera Pando,R (2111)-Lupis,F (1970) Buenos Aires 2017}) 13... Na6 14. Bh6 $2 ({Better is} 14. Nxf5 $16 Qxf5 15. Rg1) 14... Bg6 {And now ...Nb4 would win.} 15. Bxg7 Kxg7 16. Bd3 Bxd3 17. Qxd3 Nc5 18. Qe3 a5 19. O-O-O Kh8 20. Rdg1 Rf7 21. Kb1 Ng8 22. Nce4 Nxe4 23. Nxe4 Raf8 24. Rh2 Rf4 {aiming for ...Qf5.} 25. Ka1 (25. Ng5 $1 $11) 25... Qf5 (25... Nh6 $15) 26. Qg3 {[%csl Gg1][%cal Rg3g7]} Qg6 $1 27. Ng5 h6 28. Ne6 {[%mdl 64] Double Attack} Qxg3 29. Rxg3 Rxf2 30. Rxf2 Rxf2 $11 {[%cal Rf2f1][%mdl 4096] Endgame KRN-KRN} 31. Kb1 Rf7 32. Nd8 (32. Rg1 $11) 32... Rf1+ $17 33. Kc2 b6 ({Black should try} 33... Rf2+ $15 34. Kc1 Rf1+ 35. Kc2 Ne7) 34. Ne6 $11 Rf7 35. Kd3 Kh7 36. a3 Nf6 37. Ke3 Ne8 (37... b5 $5 {[%cal Rb5c4]} 38. Nd8 Rg7 $15) 38. b4 axb4 39. axb4 Ng7 40. Ke4 Ne8 41. b5 Ng7 42. Rg2 Re7 43. Nf8+ Kg8 44. Ne6 $1 Kh8 45. Nf8 {Strongly threatening Ng6+.} Re8 (45... Rf7 $5 46. Ne6 $8 Kh7 $11) 46. Nd7 Rd8 (46... Nh5 $11 {keeps the balance.} 47. Rg6 Kh7) 47. Nf6 $16 {[%mdl 1024] Hoping for Rg6. White has strong compensation.} Rf8 48. Rg6 {[%cal Rg6h6]} Ne8 49. Nh5 (49. Nxe8 $16 Rxe8 50. c5 (50. Rxh6+ Kg7 $11) 50... bxc5 51. b6 cxb6 52. Rxd6) 49... Kh7 {[#]} (49... Rf7 $11 {remains equal.}) 50. Re6 $1 {[%cal Re6e8] Rxe8! is the strong threat.} Kg8 {[#]} 51. Re7 $1 ({Much weaker is} 51. Rxh6 $6 Rf2 $11) 51... Nf6+ $2 {[%mdl 8192]} (51... Kh8 $14) 52. Nxf6+ $18 Rxf6 53. Rxc7 {KR-KR} Rf4+ 54. Ke3 (54. Kd3 $142) 54... Rh4 $2 (54... Kf8 {was necessary.} 55. Rd7 Rxc4) 55. Rc6 Rxh3+ $2 (55... h5 56. Rxd6 Rxc4 57. Rxb6 Kg7) 56. Ke4 Rh4+ 57. Kf5 (57. Kd3 $142) 57... Rf4+ 58. Kg6 $2 (58. Ke6 $18) 58... Kf8 $1 $14 59. Rxd6 Ke7 60. Rxb6 Rxc4 61. Kf5 e4 62. Rxh6 Rb4 63. b6 e3 {The position is equal.} 64. b7 e2 65. Re6+ {[%mdl 64] Double Attack} Kd7 66. Rxe2 Rxb7 67. Ke5 Rb1 68. Re3 {White really could win this. Accuracy: White = 64%, Black = 63%.} 1/2-1/2

[Event "CZE-ch FIDE Open 2020"]
[Site "Kouty nad Desnou"]
[Date "2020.03.09"]
[Round "4.4"]
[White "Slepov, Kyryl"]
[Black "Kucera, Tomas"]
[Result "1-0"]
[WhiteElo "1973"]
[BlackElo "1985"]
[Annotator "ChessBase"]
[PlyCount "99"]
[EventDate "2020.03.07"]
[EventCountry "CZE"]
[SourceTitle "playchess.com"]
[Source "ChessBase"]
[SourceQuality "1"]
[TimeControl "5400+30"]

1. e4 {[%emt 0:01:24]} c5 {[%emt 0:00:19]} 2. Nf3 {[%emt 0:00:13]} Nc6 {[%emt 0:00:08]} 3. c4 {[%emt 0:00:49]} g6 {[%emt 0:00:22]} 4. d4 {[%emt 0:00:16]} cxd4 {[%emt 0:00:11]} 5. Nxd4 {[%emt 0:00:09]} Nxd4 {[%emt 0:00:05]} 6. Qxd4 {[%emt 0:01:18]} Nf6 {[%emt 0:00:03]} 7. Nc3 {[%emt 0:00:33]} d6 {[%emt 0:00:30]} 8. Be2 {[%emt 0:02:03]} Bg7 {[%emt 0:00:13]} 9. O-O {[%emt 0:00:36]} O-O {[%emt 0:00:07]} 10. Qe3 {[%emt 0:00:24]} Be6 {[%emt 0:02:09]} 11. Bd2 {[%emt 0:01:50]} Nd7 {[%emt 0:01:46]} 12. f4 {[%emt 0:03:43]} Qb6 {[%emt 0:03:41]} 13. Qxb6 {[%emt 0:00:33]} Nxb6 {[%emt 0:00:09]} 14. b3 {[%emt 0:00:19]} Bd4+ {[%emt 0:00:35]} 15. Kh1 {[%emt 0:00:28]} f5 {[%emt 0:00:46]} 16. Bf3 {[%emt 0:00:43]} fxe4 {[%emt 0:03:07]} 17. Bxe4 {[%emt 0:00:30]} Rab8 {[%emt 0:05:44]} 18. Rae1 {[%emt 0:01:17]} Bd7 {[%emt 0:12:34]} 19. a4 {[%emt 0:02:37]} e5 {[%emt 0:17:02]} 20. a5 {[%emt 0:05:17]} Na8 {[%emt 0:05:06]} 21. Ne2 {[%emt 0:01:02]} Nc7 {[%emt 0:01:17]} 22. Nxd4 {[%emt 0:01:16]} exd4 {[%emt 0:00:11]} 23. Bb4 {[%emt 0:00:11]} Rf6 {[%emt 0:01:42]} 24. Rd1 {[%emt 0:00:33]} Bc6 {[%emt 0:01:36]} 25. Rxd4 {[%emt 0:01:22]} Ne6 {[%emt 0:05:39]} 26. Bd5 {[%emt 0:00:35]} Bxd5 {[%emt 0:00:16]} 27. Rxd5 {[%emt 0:00:45]} Nxf4 {[%emt 0:02:11]} 28. Rxd6 {[%emt 0:02:18]} Rbf8 {[%emt 0:00:25]} 29. Rxf6 {[%emt 0:02:35]} Rxf6 {[%emt 0:00:08]} 30. g3 {[%emt 0:00:13]} Nd5 {[%emt 0:00:20]} 31. Rxf6 {[%emt 0:00:10]} Nxf6 {[%emt 0:00:06]} 32. Kg2 {[%emt 0:00:46]} Kf7 {[%emt 0:00:07]} 33. Kf3 {[%emt 0:00:15]} Ke6 {[%emt 0:00:09]} 34. Bc3 {[%emt 0:02:03]} Nd7 {[%emt 0:01:17]} 35. Bd4 {[%emt 0:00:19]} a6 {[%emt 0:00:20]} 36. Ke4 {[%emt 0:00:49]} Nb8 {[%emt 0:00:31]} 37. b4 {[%emt 0:00:33]} Nc6 {[%emt 0:00:53]} 38. Bc3 {[%emt 0:00:13]} Ne7 {[%emt 0:00:51]} 39. g4 {[%emt 0:00:12]} Ng8 {[%emt 0:00:47]} 40. Kd4 {[%emt 0:02:09]} Nf6 {[%emt 0:00:52]} 41. g5 {[%emt 0:00:37]} Nd7 {[%emt 0:00:33]} 42. Bd2 {[%emt 0:01:03]} Ne5 {[%emt 0:01:01]} 43. Kc5 {[%emt 0:00:50]} Kd7 {[%emt 0:00:29]} 44. Kd5 {[%emt 0:02:54]} Nf3 {[%emt 0:01:48]} 45. Bf4 {[%emt 0:00:38]} Ne1 {[%emt 0:00:21]} 46. Ke4 {[%emt 0:01:53]} Ke6 {[%emt 0:01:37]} 47. h3 {[%emt 0:01:35]} Nc2 {[%emt 0:01:20]} 48. Bd2 {[%emt 0:00:16]} Na3 {[%emt 0:00:14]} 49. Kd3 {[%emt 0:01:28]} Kf5 {[%emt 0:00:52]} 50. Bc1 {[%emt 0:00:29]} 1-0

[Event "CZE-ch FIDE Open 2020"]
[Site "Kouty nad Desnou"]
[Date "2020.03.09"]
[Round "4.5"]
[White "Glozar, Petr"]
[Black "Lukas, Frantisek"]
[Result "1-0"]
[WhiteElo "1918"]
[BlackElo "1852"]
[Annotator "ChessBase"]
[PlyCount "41"]
[EventDate "2020.03.07"]
[EventCountry "CZE"]
[SourceTitle "playchess.com"]
[Source "ChessBase"]
[SourceQuality "1"]
[TimeControl "5400+30"]

1. d4 {[%emt 0:00:00]} d5 {[%emt 0:00:00]} 2. c4 {[%emt 0:00:00]} dxc4 {[%emt 0:00:00]} 3. e3 {[%emt 0:00:00]} Nf6 {[%emt 0:00:00]} 4. Bxc4 {[%emt 0:00:07]} e6 {[%emt 0:00:00]} 5. Nc3 {[%emt 0:01:09]} c5 {[%emt 0:01:20]} 6. Nf3 {[%emt 0:00:34]} a6 {[%emt 0:01:33]} 7. a4 {[%emt 0:01:04]} Nc6 {[%emt 0:03:00]} 8. O-O {[%emt 0:01:05]} cxd4 {[%emt 0:00:38]} 9. exd4 {[%emt 0:00:23]} Be7 {[%emt 0:01:26]} 10. Be3 {[%emt 0:04:37]} O-O {[%emt 0:01:05]} 11. Rc1 {[%emt 0:06:14]} Nb4 {[%emt 0:02:47]} 12. Qb3 {[%emt 0:02:54]} Nbd5 {[%emt 0:06:49]} 13. Bg5 {[%emt 0:02:56]} Nxc3 {[%emt 0:03:47]} 14. Rxc3 {[%emt 0:09:26]} b6 {[%emt 0:05:25]} 15. Ne5 {[%emt 0:20:39]} Qd6 {[%emt 0:14:22]} 16. Be2 {[%emt 0:18:41]} Rb8 {[%emt 0:07:27]} 17. Nc6 {[%emt 0:02:07]} Ra8 {[%emt 0:06:02]} 18. Bf3 {[%emt 0:05:58]} Bb7 {[%emt 0:01:37]} 19. Bf4 {[%emt 0:01:56]} Qd7 {[%emt 0:01:42]} 20. Nxe7+ {[%emt 0:00:22]} Qxe7 {[%emt 0:00:08]} 21. Rc7 {[%emt 0:00:15]} 1-0

[Event "CZE-ch FIDE Open 2020"]
[Site "Kouty nad Desnou"]
[Date "2020.03.09"]
[Round "4.6"]
[White "Zdechovsky, Tobias"]
[Black "Dejmal, Ondrej"]
[Result "1/2-1/2"]
[WhiteElo "1922"]
[BlackElo "1757"]
[Annotator "ChessBase"]
[PlyCount "21"]
[EventDate "2020.03.07"]
[EventCountry "CZE"]
[SourceTitle "playchess.com"]
[Source "ChessBase"]
[SourceQuality "1"]
[TimeControl "5400+30"]

1. e4 {[%emt 0:00:00]} e5 {[%emt 0:00:00]} 2. Nf3 {[%emt 0:00:00]} Nc6 {[%emt 0:00:00]} 3. Bc4 {[%emt 0:00:00]} Bc5 {[%emt 0:00:38]} 4. d3 {[%emt 0:00:04]} h6 {[%emt 0:06:00]} 5. c3 {[%emt 0:02:14]} Nf6 {[%emt 0:08:16]} 6. O-O {[%emt 0:00:28]} d6 {[%emt 0:01:08]} 7. a4 {[%emt 0:09:19]} a6 {[%emt 0:01:44]} 8. Be3 {[%emt 0:02:34]} O-O {[%emt 0:09:17]} 9. Nbd2 {[%emt 0:01:21]} Bxe3 {[%emt 0:04:24]} 10. fxe3 {[%emt 0:00:07]} Be6 {[%emt 0:05:53]} 11. Bxe6 {[%emt 0:05:20]} 1/2-1/2

[Event "CZE-ch FIDE Open 2020"]
[Site "Kouty nad Desnou"]
[Date "2020.03.09"]
[Round "4.7"]
[White "Stastny, Jakub"]
[Black "Brazdil, Roman"]
[Result "0-1"]
[WhiteElo "1917"]
[BlackElo "2116"]
[Annotator "ChessBase"]
[PlyCount "76"]
[EventDate "2020.03.07"]
[EventCountry "CZE"]
[SourceTitle "playchess.com"]
[Source "ChessBase"]
[SourceQuality "1"]
[TimeControl "5400+30"]

1. d4 {[%emt 0:00:00]} Nf6 {[%emt 0:00:00]} 2. c4 {[%emt 0:00:19]} e6 {[%emt 0:00:00]} 3. Nc3 {[%emt 0:00:18]} d5 {[%emt 0:00:00]} 4. cxd5 {[%emt 0:00:44]} exd5 {[%emt 0:00:00]} 5. Bg5 {[%emt 0:00:30]} Be7 {[%emt 0:00:00]} 6. e3 {[%emt 0:00:31]} c6 {[%emt 0:00:00]} 7. Qc2 {[%emt 0:00:17]} O-O {[%emt 0:00:49]} 8. Bd3 {[%emt 0:01:00]} Nbd7 {[%emt 0:00:10]} 9. Nf3 {[%emt 0:00:13]} h6 {[%emt 0:00:54]} 10. Bh4 {[%emt 0:02:28]} Re8 {[%emt 0:00:20]} 11. O-O {[%emt 0:00:54]} Ne4 {[%emt 0:01:10]} 12. Bxe7 {[%emt 0:01:02]} Qxe7 {[%emt 0:00:15]} 13. Rab1 {[%emt 0:04:31]} Ndf6 {[%emt 0:02:48]} 14. b4 {[%emt 0:02:00]} a6 {[%emt 0:00:28]} 15. a4 {[%emt 0:01:30]} Bf5 {[%emt 0:02:25]} 16. Rfc1 {[%emt 0:08:33]} Nxc3 {[%emt 0:04:52]} 17. Qxc3 {[%emt 0:00:28]} Be4 {[%emt 0:01:20]} 18. Ne5 {[%emt 0:04:15]} Bxd3 {[%emt 0:00:48]} 19. Qxd3 {[%emt 0:01:16]} Ne4 {[%emt 0:00:45]} 20. Nf3 {[%emt 0:03:05]} Nd6 {[%emt 0:02:11]} 21. Nd2 {[%emt 0:01:49]} Rec8 {[%emt 0:05:02]} 22. h3 {[%emt 0:12:03]} g6 {[%emt 0:02:21]} 23. Rc2 {[%emt 0:01:53]} Kg7 {[%emt 0:00:22]} 24. Rbc1 {[%emt 0:00:37]} Re8 {[%emt 0:01:23]} 25. Re1 {[%emt 0:01:10]} Rac8 {[%emt 0:01:22]} 26. Nb3 {[%emt 0:00:56]} Nc4 {[%emt 0:01:19]} 27. Nc5 {[%emt 0:00:25]} Ra8 {[%emt 0:05:45]} 28. Qb3 {[%emt 0:01:04]} b6 {[%emt 0:02:24]} 29. Nd3 {[%emt 0:00:03]} a5 {[%emt 0:00:22]} 30. Ne5 {[%emt 0:07:17]} Nxe5 {[%emt 0:05:05]} 31. dxe5 {[%emt 0:00:08]} Qxb4 {[%emt 0:04:43]} 32. Qxb4 {[%emt 0:01:31]} axb4 {[%emt 0:00:10]} 33. Rxc6 {[%emt 0:00:05]} Rxa4 {[%emt 0:03:59]} 34. Rxb6 {[%emt 0:01:07]} Rxe5 {[%emt 0:00:23]} 35. Rb1 {[%emt 0:00:13]} Re4 {[%emt 0:01:49]} 36. Kf1 {[%emt 0:01:29]} Rc4 {[%emt 0:00:17]} 37. Rd1 {[%emt 0:02:42]} Ra2 {[%emt 0:03:36]} 38. Rb5 {[%emt 0:01:21]} Rcc2 {[%emt 0:00:38]} 0-1

[Event "CZE-ch FIDE Open 2020"]
[Site "Kouty nad Desnou"]
[Date "2020.03.09"]
[Round "4.8"]
[White "Vokoun, Tomas"]
[Black "Kubicek, Antonin"]
[Result "0-1"]
[WhiteElo "1673"]
[BlackElo "2113"]
[Annotator "ChessBase"]
[PlyCount "40"]
[EventDate "2020.03.07"]
[EventCountry "CZE"]
[SourceTitle "playchess.com"]
[Source "ChessBase"]
[SourceQuality "1"]
[TimeControl "5400+30"]

1. e4 {[%emt 0:00:00]} d6 {[%emt 0:00:02]} 2. d4 {[%emt 0:00:56]} Nf6 {[%emt 0:00:07]} 3. Nc3 {[%emt 0:00:54]} g6 {[%emt 0:00:18]} 4. f4 {[%emt 0:01:02]} Bg7 {[%emt 0:00:21]} 5. Nf3 {[%emt 0:01:21]} O-O {[%emt 0:00:47]} 6. Be2 {[%emt 0:01:36]} c6 {[%emt 0:02:39]} 7. O-O {[%emt 0:00:42]} b5 {[%emt 0:03:01]} 8. a3 {[%emt 0:04:40]} a6 {[%emt 0:00:48]} 9. h3 {[%emt 0:02:19]} Nbd7 {[%emt 0:04:45]} 10. Be3 {[%emt 0:03:40]} Nb6 {[%emt 0:00:40]} 11. b3 {[%emt 0:03:16]} d5 {[%emt 0:05:22]} 12. e5 {[%emt 0:03:22]} Ne4 {[%emt 0:02:33]} 13. Nxe4 {[%emt 0:03:08]} dxe4 {[%emt 0:00:03]} 14. Nd2 {[%emt 0:00:58]} Nd5 {[%emt 0:00:35]} 15. Kf2 {[%emt 0:03:09]} f6 {[%emt 0:04:40]} 16. c4 {[%emt 0:05:23]} fxe5 {[%emt 0:04:39]} 17. cxd5 {[%emt 0:08:32]} exd4 {[%emt 0:00:34]} 18. Ke1 {[%emt 0:07:24]} dxe3 {[%emt 0:00:23]} 19. Nxe4 {[%emt 0:00:20]} cxd5 {[%emt 0:03:36]} 20. Rc1 {[%emt 0:03:15]} dxe4 {[%emt 0:00:25]} 0-1